Buffy Characters: First Line & Last Line (Season 5) Quiz Stats

 Plays Quiz not verified by Sporcle

Support Sporcle.
Go Orange.
Score 0/20 Timer 05:00
0 Plays Today
First Line Character % Correct
''Mom!''Dawn Summers
97.1%
''Ha, touchdown!''Buffy Summers
94.8%
''Anybody ever tell team you the quarterback throws like a girl?''Riley Finn
94.2%
''Which can cause the pain and heartbreak of stinkiness.''Tara Maclay
94.2%
''I'm exhausted just looking at those two.''Xander Harris
93.6%
''Absolutely—exertion can lead to sweatiness.''Anya Jenkins
93%
''And your mom's doing just fine.''Ben Wilkinson
92.4%
''I think we've just put our finger on why we're the sidekicks.''Willow Rosenberg
91.3%
''Okay, hi, first of all, I wanna thank everybody for a really successful raid on the magic shop last night.''Harmony Kendall
89%
''Well, well, you can take the boy out of the Initiative, but you can't take the Initiative out of the boy.''Spike
88.4%
First Line Character % Correct
''Hey, you up for dessert?''Joyce Summers
86%
''There you are.''Glory
84.3%
''Thank you, Willow.''Rupert Giles
83.7%
''I'm sorry, I couldn't come sooner.''Angel
81.4%
''Spike? Oh Spike!''Buffybot
74.4%
''Riley, can we talk?''Graham Miller
73.3%
''We gotta go, she's gonna see me.''Warren Mears
58.7%
''Thank you for picking me up.''April
53.5%
''Look who's come to make everything right again.''Drusilla
53.5%
''Very impressive hunt.''Dracula
45.9%

You're not logged in!

Compare scores with friends on all Sporcle quizzes.
OR
Log In

From the Vault

American History (A-Z) II

by History_Lover

The USA might not have a long history, but they've made up for it by including a lot of explosions.
Remove Ads.
Support Sporcle.
Get the best of Sporcle when you Go Orange. This ad-free experience offers more features, more stats, and more fun while also helping to support Sporcle. Thank you for becoming a member.

Show Comments

Extras

Top Quizzes Today


Score Distribution

Your Account Isn't Verified!

In order to create a playlist on Sporcle, you need to verify the email address you used during registration. Go to your Sporcle Settings to finish the process.

Report this User

Report this user for behavior that violates our Community Guidelines.

Details: